000 00813cam a22001814a 4500
005 20250605164207.0
008 250528s ||||||||||||||||||||||||d
035 _a20102
040 _aGR-AtMCL
_bgre
_dGR-AtMCL
_eAACR2
245 1 _aSelected Papers on Contemporary Economic Problems / Presented at the Econometric Society European Meetings, Athens, 1979
260 _bThe Athens School Of Economics & Business Science,
_c1982
300 _a498
520 _aPreface, Introduction, Optimal Control and Econometric Systems, Problems in Aggregation and Autoregression, Estimating Methods, Consumer Demand Systems and Related Topics, Investment Functions, Production Functions and Factor Demand, Author and Subject Index.
700 1 _aCharatsis E. G
_96150
942 _cBK
999 _c5241
_d5241